Príncipios de derecho procesal penal militar dominicano / (Registro nro. 40002)
[ vista simple ]
| 000 -CABECERA | |
|---|---|
| campo de control de longitud fija | 00722nam a2200145 a 4500 |
| 001 - NÚMERO DE CONTROL | |
| campo de control | 000040512 |
| 005 - FECHA Y HORA DE LA ÚLTIMA TRANSACCIÓN | |
| campo de control | 20201002034200.0 |
| 008 - DATOS DE LONGITUD FIJA--INFORMACIÓN GENERAL | |
| campo de control de longitud fija | 130828s1997 dr 000 0 spa d |
| 040 ## - FUENTE DE LA CATALOGACIÓN | |
| Centro catalogador/agencia de origen | DO-SdBNP |
| Lengua de catalogación | spa |
| Centro/agencia transcriptor | BNPHU |
| 100 1# - ENTRADA PRINCIPAL--NOMBRE DE PERSONA | |
| Nombre de persona | Luna Paulino, Luis A. |
| 9 (RLIN) | 64772 |
| 245 10 - MENCIÓN DE TÍTULO | |
| Título | Príncipios de derecho procesal penal militar dominicano / |
| Mención de responsabilidad, etc. | Luis A. Luna Paulino. |
| 246 14 - FORMA VARIANTE DE TÍTULO | |
| Título propio/Titulo breve | Príncipios de derecho procesal penal militar dominicano : |
| Resto del título | en consonancia con : el código de justicia de la Fuerzas Armadas, derecho suplementario (código de procedimiento criminal y otras disposiciones), doctrina dominicana y francesa, jurisprudencia dominicana y derecho comparado |
| 260 ## - PUBLICACIÓN, DISTRIBUCIÓN, ETC. | |
| Lugar de publicación, distribución, etc. | Santo Domingo : |
| Nombre del editor, distribuidor, etc. | [s.n.], |
| Fecha de publicación, distribución, etc. | 1997. |
| 300 ## - DESCRIPCIÓN FÍSICA | |
| Extensión | 254 p. ; |
| Dimensiones | 22 cm. |
| Estado de retiro | Estado de pérdida | No para préstamo | Código de colección | Localización permanente | Ubicación/localización actual | Ubicación en estantería | Fecha de adquisición | Número de inventario | Total de préstamos | Signatura topográfica completa | Código de barras | Fecha visto por última vez | Precio válido a partir de | Tipo de ítem Koha |
|---|---|---|---|---|---|---|---|---|---|---|---|---|---|---|
| Excluido de préstamo | Patrimonio Dominicano | Patrimonio Dominicano | Patrimonio Dominicano | En catalogación | 28.08.2013 | LF1 | 40512-10 | 25.06.2020 | 25.06.2020 | Libro y Folleto Colección Patrimonio Dominicano |
